Online
Catalog
Normal view MARC view

Entry Término temático

Number of records used in: 3

001 - NÚMERO DE CONTROL

  • campo de control: 11069

003 - IDENTIFICADOR DEL NÚMERO DE CONTROL

  • campo de control: OSt

005 - FECHA Y HORA DE LA ÚLTIMA TRANSACCIÓN

  • campo de control: 20200615032319.0

008 - DATOS DE LONGITUD FIJA

  • campo de control de longitud fija: 200615|| aca||aabn | a|a d

040 ## - FUENTE DE LA CATALOGACIÓN

  • Centro catalogador/agencia de origen: OSt
  • Centro/agencia transcriptor: OSt

150 ## - ENCABEZAMIENTO--TÉRMINO DE MATERIA

  • Término de materia o nombre geográfico como elemento de entrada: COOPERACIÓN INTERGUBERNAMENTAL

670 ## - FUENTE DE DATOS ENCONTRADOS

  • Cita de la fuente: Work cat.: (OSt)3418: Cumbre mundial sobre el futuro de Haití, "Solidaridad más allá de la crisis" (2010 Santo Domingo, República Dominicana) 11067, Un compromiso con Haití /, 2010.

Powered by Koha